1186 1470 1727 1701 1068 1652 1785 1429 1431 1558 1057 1319 1542 1923 1828 1006 1443 1849 1851 1458 1387 1309 1954 1774 1001 1454 1926 1983 1094 1145 1182 1935 1629 1794 1332 1400 1363 1892 1447 1701 1996 1508 1928 1388 1396 1944 1686 1203 1662 1796 1249 1713 1905 1929 1268 1801 1784 1184 1799 1733 1106 1774 1555 1106 1974 1210 1097 1835 1527 1353 1392 1058 1461 1887 1816 1455 1296 1714 1205 1067 1723 1401 1200 1821 1999 1522 1327 1566 1823 1048 1072 1560 1732 1220 1094 1115 1566 1638 1752 BCNSPRNW ULIB Ver.6.0+V

เปลี่ยนเป็นภาษาไทย

Change to English
 แสดงรายละเอียดบรรณานุกรม
  กลับหน้าหลัก

Brief Record : Get Marc (ISO 2709) : E-mail record : QR code < ปิดหน้าต่าง
LEADER : 00000nas 2200000uu 4500
001    13399114000
003     ULIB
008    020711s|||| th a 000 0 tha d
022    ^a08586101
110    ^aโรงพยาบาลศรีธัญญา
245    ^aวารสารโรงพยาบาลศรีธัญญา
260    ^aนนทบุรี :^bโรงพยาบาลศรีธัญญา,^cม.ป.ป.
310    ^aรายเดือน
850 ^a ULIB^bฉบับที่ 9 ปีที่ 12 ;ปีที่ 13 ;ฉบับที่ 1 ปีที่ 14 ;ฉบับที่ 1 ปีที่ 15 ฉ.1 ;ฉบับที่ 1 ปีที่ 16 ฉ.1 ;ฉบับที่ 1 ปีที่ 17 ฉ.1
945    ^p0^l0^i900115
945    ^p0^l0^i901084
945    ^p0^l0^i902196
945    ^p0^l0^i902992
945    ^p0^l0^i903884
945    ^p0^l0^i904757
รายการนี้ยังไม่มีแท็ก
คุณยังไม่ได้ล็อกอิน คุณสามารถมีกิจกรรมร่วมกับเว็บไซต์ได้ แต่ต้องล็อกอินก่อน ::
  ล็อกอิน

รายการสื่อสารสนเทศ (วารสาร)

ดูแบบ: กล่อง รายการ
ARRIVED
ฉบับที่ 9 ปีที่ 12
สถานที่: ห้องสมุดวิทยาเขตสวรรค์ประชารักษ์ >วารสาร
ARRIVED
ปีที่ 13
สถานที่: ห้องสมุดวิทยาเขตสวรรค์ประชารักษ์ >วารสาร
ARRIVED
ฉบับที่ 1 ปีที่ 14
สถานที่: ห้องสมุดวิทยาเขตสวรรค์ประชารักษ์ >วารสาร
ARRIVED
ฉบับที่ 1 ปีที่ 15 ฉ.1
สถานที่: ห้องสมุดวิทยาเขตสวรรค์ประชารักษ์ >หนังสือพิมพ์
ARRIVED
ฉบับที่ 1 ปีที่ 16 ฉ.1
สถานที่: ห้องสมุดวิทยาเขตสวรรค์ประชารักษ์ >วารสาร
ARRIVED
ฉบับที่ 1 ปีที่ 17 ฉ.1
สถานที่: ห้องสมุดวิทยาเขตสวรรค์ประชารักษ์ >วารสาร
รายการใกล้เคียง
    ชื่อเรื่อง [วารสารโรงพยาบาลศรีธัญญา]

    ผู้แต่ง []

BibComment


ยังไม่เคยถูกคอมเมนท์

คอมเมนท์ทรัพยากรรายการนี้
  คอมเมนท์: วารสารโรงพยาบาลศ..


 Copyright 2026. Bcnsprnw @Library